Madonna - Nothing Really Matters - Lyrics - Statistics

General Stats
  • This quiz has been taken 14 times
  • The average score is 155 of 182
Answer Stats
Answer % Correct
all
100%
All
100%
I
100%
is
100%
Love
100%
matters
100%
me
100%
Nothing
100%
really
100%
so
100%
to
100%
When
100%
you
100%
give
91%
Give
91%
my
91%
need
91%
that
91%
That
91%
the
91%
very
91%
was
91%
we
91%
young
91%
your
91%
And
82%
back
82%
comes
82%
It's
82%
mattered
82%
Now
82%
of
82%
one
82%
only
82%
am
73%
at
73%
be
73%
Because
73%
But
73%
Everything
73%
go
73%
in
73%
like
73%
same
73%
ending
64%
from
64%
grown
64%
I'll
64%
never
64%
takes
64%
You're
64%
begins
55%
clear
55%
happy
55%
life
55%
lived
55%
Looking
55%
makes
55%
making
55%
myself
55%
nobody
55%
realize
55%
selfishly
55%
away
45%
changed
45%
future
45%
Something
45%
something
45%
wins
45%
arms
36%
darkness
36%
Everything's
36%
light
36%
past
36%
shelter
36%
storm
36%
comfort
27%
No matching quizzes found
Score Distribution
Percent of People with Each Score
Percentile by Number Answered
Your Score History
You have not taken this quiz